00742cam a2200193 a 450000500170000002000330001704000340005008200210008410000270010524500650013225000430019726000630024030000260030350400530032950500940038265000280047670000250050470000190052920260415071308.0 a9788180386930cTZS 332,150/= aMCCLbeng.eAACR 2nd rev. ed. a347.95402632 MUL1 aMulla Dinshah Fardunji14aMulla The Code of Civil Procedure /cDinshah Fardunji Mulla. a18th ed. /bB.M. Prasad, Manish Mohan. aGurgaon :bLexis Nexis Butterworths Wadhwa Nagpur,cc2011. acxciv,2865P.:c25 cm. aIncludes bibliographical references and indexes.0 a1. Sections 1 to 158 -- 2. Orders 1 to 22 -- 3. Orders 23 to 51 schedules & applications. 0aCivil procedurezIndia.1 aPrasad, Binod Mohan.1 aMohan, Manish.